| 000 | 02026cam a2200397 a 4500 | ||
|---|---|---|---|
| 001 | 39646 | ||
| 005 | 20230410101711.0 | ||
| 008 | 951229s1995 iauab bc 000 0 eng d | ||
| 010 | _a 95074922 | ||
| 035 | _a(OCoLC)ocm34524490 | ||
| 040 |
_aWaS _cDLC _dOCLCQ _dBAKER _dBTCTA |
||
| 020 | _a0295975040 | ||
| 020 | _a9780295975047 | ||
| 035 | _a(OCoLC)34524490 | ||
| 042 | _alccopycat | ||
| 043 | _anwht--- | ||
| 050 | 1 | 4 |
_a110 N 6606 _bD247t 1995 |
| 082 | 0 | 0 |
_a709/.7294/07477769 _220 |
| 110 | 2 | _aDavenport Museum of Art (Davenport, Iowa) | |
| 245 | 1 | 0 |
_aTracing the spirit : _bethnographic essays on Haitian art : from the collection of the Davenport Museum of Art / _cKaren McCarthy Brown. |
| 260 |
_aDavenport, Iowa : _bThe Museum ; _aSeattle : _bDistributed by the University of Washington Press, _cc1995. |
||
| 270 |
_aDavenport Museum of Art _a1737 West Twelfth St. _bDavenport _cIA _e52246 _k1-319-326-7804 _l1-319-326-7876 |
||
| 300 |
_a112 p. : _bcol. ill., col. map ; _c31 cm. |
||
| 500 | _aExhibition catalog. | ||
| 505 | 2 | _aPreface / Wm. Steven Bradley -- The spiritual art of Haiti : an introduction to the collection at the Davenport Museum of Art / Brady M. Roberts -- The art of transformation : an exploration of vodou cosmology and vodou aesthetics -- Interviews with contemporary Haitian artists : Edouard Duval-Carriâe, Miami, Paul Claude Gardáere, Brooklyn -- A visual forum : Haiti's political murals, October 1994 -- Artist-survivors of the 1991 Coup d'âetat : an interview with Charlemagne Celâestin and Vladimir Ronald Moliáere. | |
| 504 | _aIncludes bibliographical references (p. 110-111). | ||
| 650 | 0 |
_aArt, Haitian _vExhibitions. |
|
| 650 | 4 | _aCEH | |
| 650 | 4 | _aColección Estudios Haitianos | |
| 610 | 2 | 0 |
_aDavenport Museum of Art (Davenport, Iowa) _vExhibitions. |
| 700 | 1 | _aBrown, Karen McCarthy. | |
| 938 |
_aBaker & Taylor _bBKTY _c29.95 _d22.46 _i0295975040 _n0002813546 _sactive |
||
| 938 |
_aBaker and Taylor _bBTCP _n95074922 |
||
| 942 |
_2lcc _cbk |
||
| 994 |
_aC0 _bDRFGD |
||
| 999 |
_c12324 _d12324 |
||